[Event "2020 FIDE Online Olympiad"]
[Site "Chess.com"]
[Date "2020.08.07"]
[Round "1"]
[Board "4"]
[White "Chang, Yolanda"]
[Black "Cheung, Hoi Yau Ashley"]
[Result "1-0"]
[WhiteElo "1373"]
[BlackElo "1119"]
[PlyCount "139"]
[EventDate "2020.08.07"]
[EventType "team"]
[EventRounds "9"]
[EventCountry "FID"]
[WhiteTeam "New Zealand"]
[BlackTeam "Hong Kong"]

1. e4  d5  2. exd5  Qxd5  3. Nc3  Qd6  4. d4  Nf6  5. Nf3  Bg4  6. Be2  e6  7. h3  Bh5  8. Be3  Nc6  9. a3  O-O-O  10. g4  Bg6  11. Qd2  Kb8  12. O-O-O  Be4  13. Nxe4  Nxe4  14. Qd3  f5  15. Nd2  Nxd4  16. Bxd4  Qxd4  17. Nxe4  Qxd3  18. Bxd3  fxe4  19. Bxe4  Bc5  20. f3  Be3+  21. Kb1  a6  22. Rhe1  Bf2  23. Rf1  Bg3  24. Rg1  Bf4  25. Rge1  Kc8  26. Bd3  e5  27. Bf5+  Kb8  28. Bd3  h5  29. Rg1  hxg4  30. hxg4  Bh2  31. Rh1  Bf4  32. Rhe1  Rh2  33. Rh1  Rf2  34. Rhf1  Rd2  35. Rxd2  Bxd2  36. Rh1  c5  37. Rh7  g5  38. Be4  Ba5  39. Rxb7+  Kc8  40. Re7  Bc7  41. Bd3  Kb7  42. Rg7  Kb6  43. Rxg5  Rf8  44. Rg6+  Kb7  45. Bxa6+  Ka7  46. Be2  Bd6  47. Rxd6  Kb7  48. Rd5  Kc6  49. Rxe5  Kd6  50. Rf5  Re8  51. Bd3  Re1+  52. Ka2  Ke6  53. Rf4  Ke5  54. Re4+  Rxe4  55. Bxe4  Kf4  56. a4  Ke5  57. a5  Kd6  58. a6  Ke5  59. a7  Kd4  60. a8=Q  Ke3  61. Qa3+  Kd2  62. Qd3+  Ke1  63. f4  c4  64. Qe3+  Kf1  65. Qf3+  Ke1  66. Qc3+  Kd1  67. Bf3+  Kc1  68. Qe3+  Kxc2  69. Qe2+  Kc1  70. Qd1#   1-0